| 000 | 01885nam a2200241Ia 4500 | ||
|---|---|---|---|
| 003 | Ost | ||
| 005 | 20260507075711.0 | ||
| 008 | 260507s9999||||xx |||||||||||||| ||und|| | ||
| 020 | _a9789947600672 | ||
| 040 | _cfsecg | ||
| 041 | _aara | ||
| 082 | _a327.116 | ||
| 100 |
_aالدالي، الهادي المبروك _eمؤلف |
||
| 245 | 0 |
_aالتنافس الصيني الامريكي بين جدلية الصراع و حتمية السيطرة : _b1991-2015 / _c الهادي المبروك الدالي |
|
| 260 |
_aالجزائر: _bكنوز الحكمة, _c2016 |
||
| 300 |
_a176 صفحة؛ _bجداول _c24 سم |
||
| 490 | _aسلسلة الدراسات الاستراتيجية | ||
| 504 | _aمراجع ص.166 | ||
| 520 | _aجاءت هذه الدراسة بأربع فصول: أولها تحدث عن العالم الجديد والسياسة الدولية بما فيها العلاقات السياسية الدولية وماهو مطروح على النظام العالمي الجديد، وبعدها ذكر لنا العلاقات الاقتصادية الدولية مفاهيمها والعوامل المؤثرة فيها،ثم انتقل الى الصين وكسب الرهان في غرب افريقيا اتجاه المنافسة الأمريكية،وأهمية القارة الأفريقية في السياسة الصينية وأساليب التعاون مع دول القارة الإفريقية وعلاقتها الاقتصادية معها، بالإضافة إلى الوجود الأمريكي في غرب افريقيا بين المد والجزر في ظل المنافسة الصينية، وأخيرا تكلم عن جدلية الصراع الصيني الأمريكي وأثره على دول غرب افريقيا. | ||
| 653 | _aالأحلاف العسكرية | ||
| 653 | _aالعلاقات الخارجية | ||
| 942 | _cكتاب | ||
| 999 |
_c45891 _d45891 |
||